| 000 | 00771nam a22002177a 4500 | ||
|---|---|---|---|
| 999 |
_c11043 _d11043 |
||
| 003 | AR-CdUCM | ||
| 008 | 190402b ||||| |||| 00| 0 spa d | ||
| 040 |
_aMUNICIPALIDAD PROVINCIAL DEL CUSCO _cBIBLIOTECA MUNICIPAL DEL CUSCO |
||
| 082 |
_aEP / 372.500 / _bC92 |
||
| 100 |
_aBenavides Estrada, Augusto _928172 |
||
| 245 |
_aCuaderno de trabajo de Naturaleza y Comunidad Escuela nueva : _bPara el primer grado de educación primaria / |
||
| 260 |
_aLima : _bEscuela Nueva, |
||
| 300 |
_a103 paginas ; _bilustraciones, graficos, dibujos, mapas, _c27 cm. |
||
| 500 | _aEscuela nueva | ||
| 650 |
_aNaturaleza _94241 |
||
| 650 |
_aComunidad _940 |
||
| 650 |
_aTextos Escolares _94527 |
||
| 700 |
_aLévano Barrera, Miguel _928173 |
||
| 942 |
_2ddc _cLIBROS |
||
| 945 | _apjha | ||